Giáo trình môn học lập trình hướng đối tượng
שמור ב:
| מחבר ראשי: | |
|---|---|
| פורמט: | ספר |
| יצא לאור: |
Đà Nẵng
2002
|
| נושאים: | |
| תגים: |
הוספת תג
אין תגיות, היה/י הראשונ/ה לתייג את הרשומה!
|
| Thư viện lưu trữ: | Trung tâm Học liệu Lê Vũ Hùng, Trường Đại học Đồng Tháp |
|---|
| LEADER | 00735aam a22002538a 4500 | ||
|---|---|---|---|
| 001 | 00039482 | ||
| 005 | 20171026081025.0 | ||
| 008 | 170519s2002 ||||||Viesd | ||
| 041 | 0 | # | |a Vie |
| 082 | 1 | 4 | |a 005.1 |b GI108TR |
| 100 | 1 | # | |a Lê, Thị Mỹ Hạnh |
| 245 | 0 | 0 | |a Giáo trình môn học lập trình hướng đối tượng |c Lê Thị Mỹ Hạnh |
| 260 | # | # | |a Đà Nẵng |c 2002 |
| 300 | # | # | |a 165tr. |c 27cm. |
| 653 | # | # | |a Giáo trình |
| 653 | # | # | |a môn học lập trình |
| 852 | # | # | |b Kho đọc |j KD.0022077 |
| 852 | # | # | |j KD.0022077 |
| 910 | |d 19/05/2017 | ||
| 980 | # | # | |a Trung tâm Học liệu Lê Vũ Hùng, Trường Đại học Đồng Tháp |